| 000 | 00913cab a22002175a 4500 | ||
|---|---|---|---|
| 001 | L142912 | ||
| 008 | 080318e20080314xxka f 000 0 eng d | ||
| 035 | _a(Sirsi) u142912 | ||
| 041 | 0 | _aeng | |
| 100 | 1 | _aWatson, Stuart | |
| 245 | 0 | 0 |
_aPorts, airports and rail freight _bspecial report |
| 260 | _c2008 | ||
| 490 | 0 |
_aProperty Week _v73(11) 14 March 2008, 109-117(5) |
|
| 520 | _aReports on: demand for space at Heathrow airport following the construction of Terminal 5, and proposals to build a third runway and a sixth terminal; plans to increase container port Felixstowe's capacity by nearly 50%; and challenges for freight capacity posed by growth in the rail freight sector. | ||
| 590 | _aKA | ||
| 651 | 4 |
_aUnited Kingdom _y |
|
| 690 | _aPROPERTY-INFRASTRUCTURE-TRANSPORT INFRASTRUCTURE | ||
| 690 | _aPROPERTY-COMMERCIAL PROPERTY-COMMERCIAL PROPERTY MARKET | ||
| 700 | 1 | _aShah, Aditi | |
| 942 | _n0 | ||
| 999 |
_c79975 _d79975 |
||